| Tag |
First Indicator |
Second Indicator |
Subfields |
| LEADER |
00000pam a2200000 a 4500 |
| 001 |
in00000497421 |
| 005 |
20151013073510.0 |
| 008 |
811230s1982 nyu i 00000 eng |
| 010 |
|
|
|a 81048410
|
| 020 |
|
|
|a 0824093798 :
|c $75.00
|
| 035 |
|
|
|a (OCoLC)08110616
|
| 035 |
|
|
|9 ACE5493AM
|
| 039 |
0 |
|
|a 2
|b 3
|c 3
|d 3
|e 3
|
| 040 |
|
|
|a DLC
|c DLC
|d TXA
|d UtOrBLW
|
| 049 |
|
|
|a TXAM
|c [001487]
|
| 050 |
0 |
0 |
|a PR6005.O4
|b T9929 1982
|
| 082 |
0 |
|
|a 823/.912
|2 19
|
| 245 |
0 |
0 |
|a Concordances to Conrad's Typhoon and other stories, and Within the tides.
|
| 264 |
|
1 |
|a New York :
|b Garland Pub.,
|c 1982.
|
| 300 |
|
|
|a viii, 368 pages ;
|c 29 cm.
|
| 336 |
|
|
|a text
|b txt
|2 rdacontent
|
| 337 |
|
|
|a unmediated
|b n
|2 rdamedia
|
| 338 |
|
|
|a volume
|b nc
|2 rdacarrier
|
| 490 |
1 |
|
|a Garland reference library of the humanities ;
|v v. 324
|
| 505 |
0 |
|
|a Concordance to Typhoon and other stories / by Todd K. Bender -- Concordance to Within the tides / by Kirsten A. Bender and Todd K. Bender.
|
| 600 |
1 |
0 |
|a Conrad, Joseph,
|d 1857-1924.
|t Typhoon and other stories
|x Concordances.
|
| 600 |
1 |
0 |
|a Conrad, Joseph,
|d 1857-1924.
|t Within the tides
|x Concordances.
|
| 700 |
1 |
|
|a Bender, Todd K.
|
| 700 |
1 |
|
|a Bender, Kirsten A.
|
| 700 |
1 |
|
|a Conrad, Joseph,
|d 1857-1924.
|t Typhoon and other stories.
|
| 700 |
1 |
|
|a Conrad, Joseph,
|d 1857-1924.
|t Within the tides.
|
| 830 |
|
0 |
|a Garland reference library of the humanities ;
|v v. 324.
|
| 999 |
|
|
|a MARS
|
| 999 |
f |
f |
|s 8d0a28dd-86e7-3f5c-adcc-257e50aa4192
|i 9e8b34ed-fd4c-3d48-ba8d-0d838025fb25
|t 0
|
| 952 |
f |
f |
|p ric
|a Texas A&M University
|b Rellis Campus
|c Joint Library Facility
|d Remote Storage
|t 0
|e PR6005.O4 T9929 1982
|h Library of Congress classification
|i unmediated -- volume
|m A14807882400
|
| 998 |
f |
f |
|a PR6005.O4 T9929 1982
|t 0
|l Remote Storage
|